000 00596nam a2200229Ia 4500
003 OSt
005 20220918200826.0
006 a|||||r|||| 00| 0
007 ta
008 220917b |||||||| |||| 00| 0 eng d
024 _a90,466
037 _cTextual
040 _aARTS
_cARTS
_beng
041 _2eng
_aeng
082 _aU8:6xM13, J5 (UD)
100 _aDebenham Frank
_948181
245 0 _aWay to Ilala
_b David Livingstone's pilgrimage
260 _c1955
650 _aGEOGRAPHY
942 _hU8:6xM13, J5 (UD)
_cTEXL
_2CC
999 _c214129
_d214129